• 首页
  • 本馆介绍
  • 公告通知
  • 最新文献
  • 馆藏检索
  • 电子资源
  • 读者导购
  • 参考咨询
  • 我的图书馆
  • 登录
  • 详细信息显示
  • 放入我的书架
  • 预约/预借图书
  • 作者相关作品
  • 分类相关作品
  • 丛书相关作品
  • 出版社相关作品

书目信息

  • 表格格式
  • 工作单格式
  • 卡片格式
题名:
中国古代社会研究
    
 
作者: 郭沫若 著
分册:  
出版信息: 北京   人民出版社  1977
页数: 281页
开本: 20cm
丛书名:
单 册:
中图分类: K09
科图分类:
主题词: 古代社会--研究--中国 , 史学史
电子资源:
ISBN:
000 00653nam0 2200253 45
001 0177000239
005 20061116104608.87
010    @b精装@dCNY1.20
100    @a19951017d1977 em y0chiy0121 ea
101 0  @achi
102    @aCN@b110000
105    @ay z 000yy
200 10 @a中国古代社会研究@Azhong guo gu dai she hui yan jiu@f郭沫若著
205    @a2版
210    @a北京@c人民出版社@d1977
215    @a281页@d20cm
606    @a古代社会@x研究@y中国
606 0  @a史学史
607    @a中国@x古代社会@x研究
690    @aK09@v3
701  0 @a郭沫若@Aguo mo ruo@4著
801  2 @aCN@bNLC@c20061116
801  0 @aCN@bTSSF
905    @a10447@dK09@e9-1
    
    中国古代社会研究/郭沫若著.-2版.-北京:人民出版社,1977
    281页;20cm
    
    
    ISBN (精装):CNY1.20
    
●
相关链接 在E读中查询图书 在五车中查询图书 在当当中查询图书 在豆瓣中查询图书


正题名:中国古代社会研究     索取号:K09/9-1         预约/预借

序号 登录号 条形码 馆藏地/架位号 状态 备注
1 0001125   202447085   第二样本阅览室/ [索取号:K09/9-1] 在馆    
唐山师范学院图书馆 欢迎您!
大连网信软件有限公司© 版权所有